000 01334nam0a22002891 4500
001 rc\4220821
005 20250612021058.0
021 _aRU
_b[63-93900]
035 _a(NLR Aleph) 008458618
090 _a7854846
_c7854846
100 _a20130416d1963 |||y0rusy50 ca
101 0 _arus
102 _aRU
105 _aa z |||||
200 1 _aПособие по русскому языку для студентов и аспирантов-иностранцев
_eПо специальностям газонефтепромысл. и мех. фак.
_fМоск. ордена Трудового Красного Знамени ин-т нефтехим. и газовой пром-сти им. И.М. Губкина. Кафедра рус. яз.
210 _a[Москва]
_cРосвузиздат
_d1963
215 _a90 с.
_cил.
_d22
606 _aРусский язык
_jХрестоматии для нерусских
_2psbo
606 _aНефтедобыча
_jХрестоматии для нерусских
_2psbo
700 1 _4070
_7ca
_8rus
_aАгаян
_bТ. Л.
_f1915-2001
_gТамара Львовна
_9270679
_3RU\NLR\AUTH\770270735
701 1 _aГригорьева
_bГ.Н.
801 0 _aRU
_bNLR
_gpsbo
801 1 _aRU
_bELAR
_2rusmarc
852 _aNLR
_j63-6/13867
942 _cBOOK
980 _aNB